| 000 -LEADER |
| fixed length control field |
00724cam a22001691a 4500 |
| 040 ## - CATALOGING SOURCE |
| Transcribing agency |
NSySU-F |
| 082 ## - DEWEY DECIMAL CLASSIFICATION NUMBER |
| Classification number |
632 U.S 1963 A040 Or. |
| 245 00 - TITLE STATEMENT |
| Title |
Internationally dangerous forest tree diseases / |
| 260 ## - PUBLICATION, DISTRIBUTION, ETC. (IMPRINT) |
| Place of publication |
Washington, D.C. : |
| Name of publisher |
U.S. Dept. of Agriculture, Forest Service, |
| Year of publication |
1963. |
| 300 ## - PHYSICAL DESCRIPTION |
| Number of Pages |
vi, 122 p. ; |
| Dimensions |
24 cm. |
| 490 1# - SERIES STATEMENT |
| Series statement |
Miscellaneous publication / United States Department of Agriculture ; |
| 500 ## - GENERAL NOTE |
| General note |
Supplement to Section 24-14, Proceedings of the 13th Congress, International Union of Forestry Research Organizations, Vienna 1961. |
| 650 #0 - SUBJECT ADDED ENTRY--TOPICAL TERM |
| Topical Term |
Trees |
| 710 2# - ADDED ENTRY--CORPORATE NAME |
| Corporate name or jurisdiction name as entry element |
International Union of Forestry Research Organizations. |
| 710 2# - ADDED ENTRY--CORPORATE NAME |
| Corporate name or jurisdiction name as entry element |
International Union of Forestry Research Organizations. |
| 942 ## - ADDED ENTRY ELEMENTS (KOHA) |
| Koha item type |
សៀវភៅភាសាអង់គ្លេស |
| 952 ## - LOCATION AND ITEM INFORMATION (KOHA) |
| Withdrawn status [LOCAL, KOHA] |
0 |